| 000 | 00630nam a2200181Ia 4500 | ||
|---|---|---|---|
| 008 | 090630s9999 xx 000 0 und d | ||
| 082 | _b26854 | ||
| 100 | _aदेऊळगावकर अतुल. | ||
| 245 |
_aडळमळले भूमंडळ. _cदेऊळगावकर अतुल. |
||
| 260 |
_bनवचैतन्य. _c2005 |
||
| 300 | _a188 | ||
| 600 | _aदेऊळगावकर अतुल. | ||
| 630 | _aडळमळले भूमंडळ. | ||
| 655 | _aइतर. | ||
| 700 | _aदेऊळगावकर अतुल. | ||
| 730 | _aडळमळले भूमंडळ. | ||
| 942 | _cBOOK | ||
| 999 |
_c278710 _d278710 |
||